Giáo trình Hán văn Lý - Trần

Uloženo v:
Podrobná bibliografie
Hlavní autor: Phạm Văn Khoái
Médium: Kniha
Jazyk:Vietnamese
Vydáno: Đại học Quốc gia Hà Nội 1999
Tagy: Přidat tag
Žádné tagy, Buďte první, kdo otaguje tento záznam!
Thư viện lưu trữ: Mạng thư viện Đại học Đà Nẵng
LEADER 00649nam a2200253 4500
001 000022092
003 18540
005 20150424140417.0
008 150424s1999 viesd
020 |c 23000 
041 0 |a vie 
082 1 4 |a 895,9207  |b PH-K 
100 1 |a Phạm Văn Khoái 
245 1 0 |a Giáo trình Hán văn Lý - Trần  |c Phạm Văn Khoái 
260 |b Đại học Quốc gia Hà Nội  |c 1999 
300 |a tr.  |c cm. 
OWN |a LSP 
999 |a From the UDN01 
TYP |a Monograph 
TYP |a Printed language 
980 |a Mạng thư viện Đại học Đà Nẵng